Statistics for Cricket: Highest Individual Career Test Batting Average

Click here to take the quiz!

General Stats

  • This quiz has been taken 104 times
    (34 since last reset)
  • The average score is 12 of 20

Answer Stats

CountryYearsRunsAverageAnswer% Correct
AUS1928-1948699699.94Sir Donald Bradman
100%
AUS2010-2023*913758.94Steve Smith
100%
WI1990-20061195352.88Brian Lara
97%
IND1989-20131592153.78Sachin Tendulkar
93%
SA1995-20131328955.37Jacques Kallis
90%
NZ2010-2023*812454.89Kane Williamson
86%
WI1954-1974803257.78Sir Garfield Sobers
76%
ENG1937-1955697156.67Sir Len Hutton
72%
SL2000-20151240057.40Kumar Sangakkara
69%
AUS2018-2023*360553.80Marnus Labuschagne
69%
SA1963-1970225660.97Graeme Pollock
59%
ENG1908-1930541056.94Sir Jack Hobbs
55%
AUS1970-1984711053.86Greg Chappell
52%
ENG1927-1947724958.45Wally Hammond
48%
WI1948-1958445558.61Sir Everton Weekes
45%
ENG1955-1968680658.67Ken Barrington
38%
WI1948-1960379856.68Sir Clyde Walcott
34%
ENG1924-1935455560.73Herbert Sutcliffe
28%
WI1930-1954219060.83George Headley
14%
SA1925-1951296053.81Dudley Nourse
3%

Score Distribution

Percentile by Number Answered

Percent of People with Each Score

Your Score History

You have not taken this quiz since the last reset